Effect of silane coupling agent and oxidation of filler surface on the chemorheological behaviour of epoxidized natural rubber filled with ISAF carbon black (Record no. 58112)

MARC details
000 -LEADER
fixed length control field 00567nam a2200145Ia 4500
100 ## - MAIN ENTRY--AUTHOR NAME
Personal name Bhattacharyya A K
245 #0 - TITLE STATEMENT
Title Effect of silane coupling agent and oxidation of filler surface on the chemorheological behaviour of epoxidized natural rubber filled with ISAF carbon black
260 ## - PUBLICATION, DISTRIBUTION, ETC. (IMPRINT)
Name of publisher Proceedings of the International Conference on Rubbers, Calcutta, December 12-14, 1997, Vol. II, pp. 177-181.
Year of publication 1997
700 ## - ADDED ENTRY--PERSONAL NAME
Personal name De P P
700 ## - ADDED ENTRY--PERSONAL NAME
Personal name De S K
700 ## - ADDED ENTRY--PERSONAL NAME
Personal name Manna A K
700 ## - ADDED ENTRY--PERSONAL NAME
Personal name Tripathy D K
942 ## - ADDED ENTRY ELEMENTS (KOHA)
Koha item type Journals
Holdings
Withdrawn status Lost status Damaged status Not for loan Home library Current library Shelving location Date acquired Koha item type
      Journals RRII Library RRII Library Rubber chemistry 17/12/2021 Journals